000 01312cam a22003737a 4500
003 CHAP
005 20220329140040.0
008 971013s1976 r 00010 d
010 _a46197
011 _a47169
035 _a51311
040 _cCHAP
090 _aFolleto 7779
100 0 0 _aUnión Nacional de Productores de Hortalizas. México.
_9116247
245 1 0 _aAnálisis de la calidad del tomate sinaloense de exportación
260 _aMéxico :
_bUnión Nacional de Productores de Hortalizas,
_c1976.
300 _a58 p.
_b; gráfs.
410 2 1 _aUnión Nacional de Productores de Hortalizas
490 0 _aUS
_v; 1
590 _aBATCH-UPD
_b10
_c20130110
_lUCH01
_h0037
590 _aBATCH-UPD
_b10
_c20130110
_lUCH01
_h1620
590 _aBATCH-UPD
_b10
_c20130409
_lUCH01
_h2021
590 _aBATCH-UPD
_b10
_c20130410
_lUCH01
_h1015
590 _aBATCH-UPD
_b10
_c20130914
_lUCH01
_h2048
590 _aCONVERSION
_b10
_c20130109
_lUCH01
_h1325
650 1 4 _aTomate
_xCalidad.
_9113692
650 1 4 _aTomate
_xMercadeo.
_9113738
810 0 0 _aUnión Nacional de Productores de Hortalizas
_9116246
830 0 _aUS
_v; 1
_9117023
901 _aBK
942 _cFOLL
949 _aFolleto 7779
_bBC
_cFOLL
_d-114853
_eTS1
_i51311
_mD
_st
949 _aFolleto 7779
_bBC
_cFOLL
_d513112
_eTS2
_fc.2
_i51311
_kDonaciØn
_si
999 _c46197
_d46197